=LDR 00000nam 2200000 4500 =001 NUTBA000000000002369 =005 20140613101052.0 =006 =007 =008 =020 ##$$a 978-979-29-3367-3 =035 ##$$a 0010-061400000000312 =040 ##$$a NBPDMAT =082 ##$$a 633.88 =090 ##$$a 633.88 $b Bay k =100 ##$$a Bayu Satya DS =245 ##$$a Koleksi tumbuhan berkhasiat / $c Bayu Satya DS ; editor, Th.Arie Prabawati =260 ##$$a Jogjakarta : $b Rapha Publishing, $c 2013 =300 ##$$a viii, 256 hlm. $b ilus. ; $c 19 cm. =650 ##$$a Tanaman Obat =700 ##$$a TH.Arie Prabawati =850 ##$$a NBPDMAT =990 ##$$a 21403462 =990 ##$$a 21403464 =990 ##$$a 21403462 =990 ##$$a 21403463 =990 ##$$a 21403465 =990 ##$$a 21403466 =990 ##$$a 21403464 =990 ##$$a 21403462 =990 ##$$a 21403463 =990 ##$$a 21403465 =990 ##$$a 21403466 =990 ##$$a 21403464 =990 ##$$a 21403462 =990 ##$$a 21403463 =990 ##$$a 21403465 =990 ##$$a 21403466 =990 ##$$a 3619936199 =990 ##$$a 21403464 =990 ##$$a 21403462 =990 ##$$a 21403463 =990 ##$$a 21403465 =990 ##$$a 21403466 =990 ##$$a 01201805189 =990 ##$$a 21403464 =990 ##$$a 21403462 =990 ##$$a 21403463 =990 ##$$a 21403465 =990 ##$$a 21403466 =990 ##$$a 01201805189